000 01155nam a2200217 u 4500
001 000730868
003 AM-YeHGA
005 20250617143136.0
008 100423s1985 ||| r 000 0 rus d
040 _aAM-YeHGA
041 0 _arus
100 1 _aЦуркан, Михаил Алексеевич
245 1 0 _aАгрохимические основы применения органических удобрений /
_cМ.А. Цуркан; Отв. ред.: А.Ф. Урсу; Произв.-науч. об-ние "Молдсельхозхимия", Молд. НИИ почвоведения и агрохимии им. Н.А. Димо, НПО "Плодородие".
260 _aКишинев :
_bШтиинца,
_c1985.
300 _a287 с. :
_bил.
504 _aБиблиогр.: с. 276-285
653 0 _aОрганические удобрения - Агрохимия
653 0 _aУдобрения органические - Агрохимия
710 2 _aМолдавский научно-исследовательский институт почвоведения и агрохимии им. Н.А. Димо
090 _c271860
999 _c270222
_d270222